000 00536nam a2200217Ia 4500
003 OSt
005 20220928141636.0
006 a|||||r|||| 00| 0
007 ta
008 220927b |||||||| |||| 00| 0 eng d
024 _a16484
037 _cTextual
040 _aSDCL
_cSDCL
_beng
041 _2eng
_aeng
082 _aO1443,2N21, M2
100 _aKarinthy Ferenc
_9501308
245 0 _aPiano bikau hai.
260 _c1982
942 _hO1443,2N21, M2
_cTEXL
_2CC
999 _c818834
_d818834